| 000 | 00585nam a22001817a 4500 | ||
|---|---|---|---|
| 005 | 20251108173707.0 | ||
| 008 | 250721s2005 xx 000 0 ara d | ||
| 082 | 1 | 4 | _aم/216.92/زعت |
| 100 | 1 | _aزعتري، علاء الدين | |
| 245 | 1 | 0 | _aفقه المعاملات المالية المقارن : صياغة جديدة و أمثلة معاصرة / |
| 264 | 1 |
_aدمشق : _bدار العصماء، _c2005. |
|
| 300 | _a576ص. | ||
| 650 | 1 | 7 | _aالفقه الاسلامي |
| 650 | 1 | 7 | _aالمعاملات |
| 650 | 1 | 7 | _aالبنوك |
| 942 |
_2ddc _cREF |
||
| 999 |
_c110137 _d110137 |
||